| 000 | 00969 a2200205 4500 | ||
|---|---|---|---|
| 003 | Nust | ||
| 005 | 20230127125454.0 | ||
| 010 | _a65014704 | ||
| 040 | _cNust | ||
| 082 | _a920,CON | ||
| 100 |
_aConnell, John, _957639 |
||
| 245 |
_aWavell ; _bscholar and soldier / _cJohn Connell |
||
| 250 | _a1st American ed | ||
| 260 |
_aNew York, _bHarcourt, Brace & World _c1965, c1964 |
||
| 300 |
_a573 p _billus _cmaps, ports. _e24 cm |
||
| 505 | _aSon of the Regiment (Page-27), Efficient Staff Officer (Page-59), Ypres to Tiflis (page-92), With Allenby in Palestine (Page-121), Peacetime Soldiering (Page-146), Toward High Command (Page-185), Watching Brief (Page-209), Into Action (page-253), Desert Victory (Page-291), Succour to Greece (Page-330), End of an Empire (Page-358), The German Onslaught (Page-381), Under Great Strain (Page-424), Change of Command (Page-464). | ||
| 600 |
_aConnell, John, _957639 |
||
| 650 |
_aBiography of Wavell _9107909 |
||
| 942 |
_2ddc _cBK |
||
| 999 |
_c187047 _d187047 |
||